000 00469nam a2200181Ia 4500
001 17570
005 20260306171527.0
008 260306s9999||||xx |||||||||||||| ||und||
041 _aESP
082 _a658.04
_bI82
100 _aÍsmodes Talavera, Javier,
_eAUT
245 0 _aGestión de empresas familiares :
_bde generación en generación
260 _c2024
300 _a217 páginas :
_c21 cm.
650 _aGEN
654 _aCAN
942 _cLIB
_dJUS
_fJUS
_2ddc
_n
999 _c17570
_d17570